000 01473namaa22003251i 4500
005 20260328132853.0
008 260208s1997 ua a|||frm||| 000 0 eng d
040 _aEG-GICUC
_beng
_cEG-GICUC
_dEG-GICUC
_erda
041 0 _aeng
_beng
_bara
049 _aDeposit
097 _aM.Sc
099 _aCai01.12.21.M.Sc.1997.Ra.S.
100 0 _aRabab Sayed Mohamed Zalat,
_epreparation.
245 1 0 _aStudy On Mixed Infection With Schistosoma Mansoni And Schistosoma Haematobium In Hamsters /
_cBy Rabab Sayed Mohamed Zalat; Supervision Committee Prof.Dr. Faiza M. EL-Assal, Prof.Dr. Hussein M. EL-Nahal, Dr. Manal F. EL-Garhy.
246 1 5 _aدراسة تأثير العدوى المزدوجة لبلهارسيا المستقيم وبلهارسيا المسالك البولية في الهامستر
264 0 _c1997.
300 _a91 Leaves :
_billustrations ;
_c30 cm. +
336 _2rda content
_atext
337 _2rdamedia
_aUnmediated
338 _2rdacarrier
_avolume
502 _aThesis (M.Sc.) -Cairo University, 1997.
504 _aBibliography: pages 78-91.
653 0 _aZoology
700 0 _aFaiza M. EL-Assal
_ethesis advisor.
700 0 _aHussein M. EL-Nahal
_ethesis advisor.
700 0 _aManal F. EL-Garhy
_ethesis advisor.
900 _DDepartment of Zoology
_FFaculty of Science
_UCairo University
_b1997
_cFaiza M. EL-Assal
_cHussein M. EL-Nahal
_cManal F. EL-Garhy
905 _aEman El gebaly
_eNourhan
942 _2ddc
_cTH
_e21
_n0
999 _c178246